Eleştirel pedagoji / (Record no. 14892)

MARC details
000 -BAŞLIK
Sabit Uzunlukta Kontrol Alanı 00712nam a2200229 4500
999 ## - SİSTEM KONTROL NUMARALARI (KOHA)
Koha Biblionumber 14892
Koha Biblioitemnumber 14892
003 - KONTROL NUMARASI IDENTIFIER
Denetim Alanı MIRAKIL
005 - SON İŞLEM TARİHİ VE ZAMANI
Denetim Alanı 20220425133430.0
008 - SABİT-BOY VERİ ELEMANLARI - GENEL BİLGİLER
Sabit Uzunlukta Kontrol Alanı 220425b tu ||||| |||| 00| 0 tur d
020 ## - ULUSLARARASI STANDART KİTAP NUMARASI
Uluslararası Standart Kitap Numarası 9789752498570
040 ## - KATALOGLAMA KAYNAK
Orijinal Kataloglama Ajansı TR-AnCHP
Metne Dönüştürmek Ajansı TR-AnCHP
041 ## - DİL KODU
Metin / Ses Parça Veya Ayrı Başlığın Dil Kodu tur
082 ## - DEWEY ONLU SINIFLANDIRMA NUMARASI
Sınıflandırma Numarası 370.1
Ürün Numarası K55e 2018
100 ## - ANA GİRİŞ - KİŞİSEL İSİM
Kişisel Ad Kincheloe, Jeo L
245 10 - BAŞLIK TABLOSU
Başlık Eleştirel pedagoji /
Sorumluluk Tablosu, Vb Jeo L. Kincheloe ; çeviren: Kemal İnal.
260 ## - YAYIN, DAĞITIM, VB
Yayın, Dağıtım, Vb Yeri İstanbul :
Yayıncı, Dağıtıcı, Vs Adı Yeni İnsan Yayınevi,
Yayın, Dağıtım, Vb Tarihi 2018.
300 ## - FİZİKSEL TANIM
Kapsam 279 s.:
Boyutlar 21 sm.
490 0# - SERİSİ TABLOSU
Seri Beyanı Yeni İnsan Yayınevi ;
-- Eğitim serisi ;
Hacim / Ardışık Tanımı 168.
-- 36.
650 #0 - KONU KATMA GİRİŞ - TOPİKAL DÖNEM
9 (RLIN) 392
Topikal Süreli Veya Coğrafi Ad Giriş Elemanı Eğitim
Genel Alt Bölümü Sosyolojik açı
650 #0 - KONU KATMA GİRİŞ - TOPİKAL DÖNEM
9 (RLIN) 7063
Topikal Süreli Veya Coğrafi Ad Giriş Elemanı Eleştirel pedagoji
700 ## - KATMA GİRİŞ - KİŞİSEL İSİM
9 (RLIN) 7057
Kişisel Ad İnal, Kemal
Relator Terim çev.
942 ## - EKLENDİ GİRİŞ ELEMANLARI (KOHA)
Sınıflandırma Veya Raf Düzeni Kaynak Dewey Decimal Classification
Koha Öğesi Türü Books
Holdings
Kalıcı Konum Mevcut Konum Edinme Tarihi Toplam Check-Out'Lar Tam Çağrı Numarası Barkod Tarih Son Görülme İtibaren Geçerli Fiyatlar Koha Öğesi Türü
CHP Kütüphanesi CHP Kütüphanesi 04/25/2022   370.1 K55e 2018 020408 04/25/2022 04/25/2022 Books